Statistiken für Allgemeinwissen der Geschichte #1

Klicken Sie hier um das Quiz zu spielen!

Allgemein

  • Dieses Quiz wurde 2,252 mal gespielt
  • Das Durchschnittsergebnis liegt bei 9 aus 20

Antwortstatistiken

Frage Antwort % Korrekt
Wer startete die protestantische Reformation?Martin Luther
96%
Was bedeutet der Name 'Stalin' auf Russisch?Mann aus {Stahl}
77%
Wer war römischer Kaiser während des Großen Brandes von Rom?Nero
76%
Wer war der erste Mensch, der die Monde des Jupiters sah?Galileo
61%
Was ist ein anderer Name für ein "Braunhemd"?ein Faschist
61%
Welches gelbe Gas wurde berühmterweise im 1. Weltkrieg eingesetzt?Senfgas
61%
Wer war der Namensgeber des Staates Bolivien?Simón Bolívar
59%
Welches Reich hatte Tenochtitlan als Hauptstadt?Aztekenreich
57%
Gegen welche Stadt kämpfte Rom in den Punischen Kriegen?Karthago
56%
Welches antike Reich wurde von Xerxes, Cyrus, und Dareios geführt?Persien
54%
Wer sagte "Niemand hat die Absicht, eine Mauer zu errichten"?Walter Ulbricht
45%
Welche Wikingergruppe liess sich in Frankreich nieder, bevor sie England,
Sizilien und Malta eroberte?
die Normannen
38%
Welcher englische König galt als wahnsinnig (mad)?König Georg III.
35%
Welches Land verwendete Molotowcocktails in seinem Krieg gegen die Sowjets?Finnland
31%
Welches Vogelprodukt war ein wichtiger Dünger im 19. Jahrhundert?Guano
28%
Welcher Stamm eroberte 1258 Bagdad, was das Ende des Goldenen Zeitalters
des Islam markierte?
die Mongolen
26%
Wer sagte "I am not a crook" (ich bin kein Gauner)?Richard Nixon
21%
Wer war das berüchtigste Mitglied der Baath-Partei?Saddam Hussein
21%
Von welchem epischen Gedicht glaubt man, dass es das älteste in englischer Sprache sei?Beowulf
14%
In welchem Krieg wurde Washington, D.C. niedergebrannt?Krieg von 1812
13%

Verteilung der Resultate

Perzentil nach korrekt beantworteten Fragen

Anzahl Personen mit jedem Resultat

Ihre Resultats-Entwicklung

Sie haben dieses Quiz noch nicht gespielt